000 01362nam a2200337Ia 4500
001 ebr10419974
003 CaPaEBR
006 m u
007 cr cn|||||||||
008 090228s2009 enk sb 001 0aeng d
020 _z9781855755208
020 _z1855755203
040 _aCaPaEBR
_cCaPaEBR
035 _a(OCoLC)680628772
050 1 4 _aRC512
_b.L68 2009eb
082 0 4 _a362.1968950092
_222
100 1 _aLove, Janet C.
245 1 0 _aPsychosis in the family
_h[electronic resource] :
_bthe journey of a psychotherapist and mother /
_cJanet C. Love.
260 _aLondon :
_bKarnac,
_c2009.
300 _axvi, 191 p.
504 _aIncludes bibliographical references and index.
533 _aElectronic reproduction.
_bPalo Alto, Calif. :
_cebrary,
_d2010.
_nAvailable via World Wide Web.
_nAccess may be limited to ebrary affiliated libraries.
600 1 0 _aLove, Janet M.
_xFamily.
650 0 _aPsychoses
_xPatients
_zGreat Britain
_vBiography.
650 0 _aParents of mentally ill children
_zGreat Britain
_vBiography.
650 0 _aPsychoses
_xPatients
_xFamily relationships.
650 0 _aPsychoses
_xPatients
_xCare
_zGreat Britain.
655 7 _aElectronic books.
_2local
710 2 _aebrary, Inc.
856 4 0 _uhttp://site.ebrary.com/lib/rucke/Doc?id=10419974
_zAn electronic book accessible through the World Wide Web; click to view
999 _c82601
_d82601